ARRUPE JESUIT UNIVERSITY

CORONAVIRUS -STOP THE SPREAD - CLEAN,DISINFECT,COVER

Break through to person (Record no. 130398)

MARC details
000 -LEADER
fixed length control field 00425nam a22001337a 4500
008 - FIXED-LENGTH DATA ELEMENTS--GENERAL INFORMATION
fixed length control field 200312b ||||| |||| 00| 0 eng d
050 ## - LIBRARY OF CONGRESS CALL NUMBER
Classification number BX2179.L9
Item number M672
100 ## - MAIN ENTRY--PERSONAL NAME
Personal name Miranda J.V.
9 (RLIN) 49613
245 ## - TITLE STATEMENT
Title Break through to person
Remainder of title retreat for religious
Statement of responsibility, etc J.V. Miranda
260 ## - PUBLICATION, DISTRIBUTION, ETC. (IMPRINT)
Place of publication, distribution, etc Bombay
Name of publisher, distributor, etc Madonna Publications
Date of publication, distribution, etc 1991
300 ## - PHYSICAL DESCRIPTION
Extent 185p. ;
Dimensions 22cm.
650 ## - SUBJECT ADDED ENTRY--TOPICAL TERM
Topical term or geographic name as entry element Spiritual exercises
Geographic subdivision Commentaries
9 (RLIN) 49614
942 ## - ADDED ENTRY ELEMENTS (KOHA)
Source of classification or shelving scheme Library of Congress Classification
Item type Monograph ( Printed materials)
Holdings
Withdrawn status Lost status Source of classification or shelving scheme Damaged status Not for loan Collection code Home library Current library Shelving location Date acquired Total Checkouts Full call number Barcode Date last seen Price effective from Koha item type
    Library of Congress Classification     Main Collection ARRUPE LIBRARY ARRUPE LIBRARY Main Collection 12/03/2020   BX2179.L9 M672 46600006708 12/03/2020 12/03/2020 Monograph ( Printed materials)

 

Arrupe Library. PO Box MP320 Mt Pleasant, Harare, Zimbabwe
263 242 745411|librarian@aju.ac.zw